Normal view MARC view

Entry Personal Name

Number of records used in: 1

001 - CONTROL NUMBER

  • control field: 999189

003 - CONTROL NUMBER IDENTIFIER

  • control field: OSt

005 - DATE AND TIME OF LATEST TRANSACTION

  • control field: 20260121153807.0

008 - FIXED-LENGTH DATA ELEMENTS

  • fixed length control field: 260121|| aca||aabn | a|a d

040 ## - CATALOGING SOURCE

  • Original cataloging agency: OSt
  • Transcribing agency: OSt

100 ## - HEADING--PERSONAL NAME

  • Personal name: K. Ann Renninger; Suzanne Hidi; Ann Renninger; Andreas Krapp

670 ## - SOURCE DATA FOUND

  • Source citation: Work cat.: (OSt)1566010: K. Ann Renninger; Suzanne Hidi; Ann Renninger; Andreas Krapp, The Role of interest in Learning and Development
Copyright @ Delhi University Library System